000 00918nam a2200253 a 4500
001 000021278
003 DO-SdBNP
005 20250711124154.0
008 100903s1995 dr b 000 0 spa d
040 _aDO-SdBNP
_bspa
_cBNPHU
082 4 _a379.7293697
_bR426s
_222
110 1 _aRepública Dominicana.
_bSecretaría de Estado de Educación, Bellas Artes y Cultos.
_bPlan Decenal de Educación
_937470
245 1 0 _aSíntesis del plan decenal de educación de la regional de La Vega.
260 _aSanto Domingo :
_bEditora de Colores,
_c1995.
300 _a740 p. :
_bmapa. ;
_c25 cm.
490 1 _aRegional
_v3
590 _aInventariado, 2018/MFF
650 0 _aEducación y estado
_951256
650 0 _aPlanificación educativa
_917484
650 4 _aEducación
_z(República Dominicana, La Vega)
_944462
830 0 _aRegional
_v2
_944463
910 _aValidado. Control de calidad MMOLINA
942 _2ddc
_cLBS1
999 _c20778
_d20778